World Bank Energy website (Record no. 120975)
[ view plain ]
| 000 -LEADER | |
|---|---|
| fixed length control field | 00955cai a22002055a 4500 |
| 001 - CONTROL NUMBER | |
| control field | L156064 |
| 008 - FIXED-LENGTH DATA ELEMENTS--GENERAL INFORMATION | |
| fixed length control field | 120427u2012 xxk g 000 0 eng d |
| 035 ## - SYSTEM CONTROL NUMBER | |
| System control number | (Sirsi) u156064 |
| 041 0# - LANGUAGE CODE | |
| Language code of text/sound track or separate title | eng |
| 110 2# - MAIN ENTRY--CORPORATE NAME | |
| Corporate name or jurisdiction name as entry element | World Bank |
| 9 (RLIN) | 3112 |
| 245 00 - TITLE STATEMENT | |
| Title | World Bank Energy website |
| Medium | [electronic resource] |
| 260 ## - PUBLICATION, DISTRIBUTION, ETC. | |
| Place of publication, distribution, etc. | Washington |
| Name of publisher, distributor, etc. | World Bank |
| Date of publication, distribution, etc. | 2012 |
| 520 ## - SUMMARY, ETC. | |
| Summary, etc. | Website from the World Bank gives information on the progress on the provision of environmentally and socially sustainable sources of energy. Includes facts about the energy financing activities of the World Bank Group and the preparation of an updated energy sector strategy. |
| 590 ## - LOCAL NOTE (RLIN) | |
| Local note | KA |
| 651 #4 - SUBJECT ADDED ENTRY--GEOGRAPHIC NAME | |
| Geographic name | International |
| 690 ## - LOCAL SUBJECT ADDED ENTRY--TOPICAL TERM (OCLC, RLIN) | |
| Topical term or geographic name as entry element | Energy |
| 9 (RLIN) | 6237 |
| 690 ## - LOCAL SUBJECT ADDED ENTRY--TOPICAL TERM (OCLC, RLIN) | |
| Topical term or geographic name as entry element | Environment |
| 9 (RLIN) | 6238 |
| 856 40 - ELECTRONIC LOCATION AND ACCESS | |
| Uniform Resource Identifier | <a href="https://web.worldbank.org/WBSITE/EXTERNAL/TOPICS/EXTENERGY2/0,,menuPK:4114636~pagePK:149018~piPK:149093~theSitePK:4114200,00.html">https://web.worldbank.org/WBSITE/EXTERNAL/TOPICS/EXTENERGY2/0,,menuPK:4114636~pagePK:149018~piPK:149093~theSitePK:4114200,00.html</a> |
| Public note | View the website free of charge at http://web.worldbank.org |
| 942 ## - ADDED ENTRY ELEMENTS (KOHA) | |
| Suppress in OPAC | 0 |
| Withdrawn status | Lost status | Source of classification or shelving scheme | Damaged status | Not for loan | Home library | Current library | Shelving location | Date acquired | Total Checkouts | Full call number | Barcode | Date last seen | Copy number | Price effective from | Koha item type |
|---|---|---|---|---|---|---|---|---|---|---|---|---|---|---|---|
| Dewey Decimal Classification | Virtual | Virtual | Online | 27/04/2012 | WEBSITE | 156064-2001 | 06/08/2019 | 1 | 06/08/2019 | Online material |